Bezkonkurenční služby zákazníkům Test kvality

Saved in:
Bibliographic Details
Main Author: Freemantle, David
Other Authors: Rezek, Jiří
Format: Book
Language:Czech
Published: Praha Management Press 1996
Edition:1. vyd.
Subjects:
Tags: Add Tag
No Tags, Be the first to tag this record!

MARC

LEADER 00000nam a2200000 4500
001 c016741
005 20221205125007.1
020 |a 80-85943-26-3 
041 0 |a cze 
044 |a CZ 
245 1 0 |a Bezkonkurenční služby zákazníkům  |b Test kvality  |c David Freemantle ; [Z angl. prel.] Jiří Rezek 
250 |a 1. vyd. 
264 1 |a Praha  |b Management Press  |c 1996 
300 |a 162 s. 
610 2 0 |a služby 
610 2 0 |a zákazníci 
610 2 0 |a kvalita práce 
610 2 0 |a obchod 
610 2 0 |a podnikanie 
610 2 0 |a sektor verejný 
610 2 0 |a sektor terciárny 
610 2 0 |a firmy 
610 2 0 |a testy 
100 1 |a Freemantle, David 
700 1 |a Rezek, Jiří